Mary J. Blige Charting Songs (Billboard Hot 100) - Statistics

General Stats
  • This quiz has been taken 37 times
    29 since last reset
  • The average score is 13 of 42
Answer Stats
Album Weeks On Peak Artist(s) Song % Correct
No More Drama 41 Weeks #1 (6 Weeks) Mary J. Blige Family Affair
86%
No More Drama 20 Weeks #15 Mary J. Blige No More Drama
76%
What's the 411? 31 Weeks #7 Mary J. Blige Real Love
71%
The Breakthrough 33 Weeks #3 Mary J. Blige Be Without You
62%
Share My World 19 Weeks #28 Mary J. Blige I Can Love You
52%
Stronger with Each Tear 10 Weeks #63 Mary J. Blige ft. Drake The One
48%
Good Morning Gorgeous 3 Weeks #83 Mary J. Blige Good Morning Gorgeous
43%
Growing Pains 22 Weeks #22 Mary J. Blige Just Fine
43%
Waiting to Exhale 20 Weeks #2 Mary J. Blige Not Gon' Cry
43%
The Breakthrough 1 Week #86 Mary J. Blige & U2 One
43%
No More Drama 20 Weeks #12 Mary J. Blige ft. Ja Rule Rainy Dayz
43%
Tical 20 Weeks #3 Method Man ft. Mary J. Blige I'll Be There for You / You're All I Need to Get By
38%
Release Therapy 20 Weeks #2 Ludacris ft. Mary J. Blige Runaway Love
38%
The Ecleftic: 2 Sides II a Book 19 Weeks #38 Wyclef Jean ft. Mary J. Blige 911
33%
My Life 20 Weeks #29 Mary J. Blige Be Happy
33%
The Breakthrough 20 Weeks #32 Mary J. Blige ft. Brook-Lyn Enough Cryin'
33%
Share My World 20 Weeks #24 Mary J. Blige Everything
33%
Mary 9 Weeks #68 Mary J. Blige Give Me You
29%
My Life II... The Journey Continues (Act 1) 9 Weeks #87 Mary J. Blige & Drake Mr Wrong
29%
What's the 411? 20 Weeks #57 Mary J. Blige Reminisce
29%
What's the 411? 20 Weeks #28 Mary J. Blige Sweet Thing
29%
What's the 411? 20 Weeks #29 Mary J. Blige You Remind Me
29%
Mary 14 Weeks #44 Mary J. Blige All That I Can Say
24%
Mary 15 Weeks #63 Mary J. Blige Deep Inside
24%
My Life 14 Weeks #22 Mary J. Blige I'm Goin' Down
24%
What's the 411? 16 Weeks #44 Mary J. Blige Love No Limit
24%
Love & Life 10 Weeks #41 Mary J. Blige ft. Eve Not Today
24%
The Breakthrough 17 Weeks #58 Mary J. Blige Take Me As I Am
24%
Stronger with Each Tear 20 Weeks #55 Mary J. Blige I Am
19%
The Breakthrough 8 Weeks #75 Mary J. Blige ft. The Game & 50 Cent MJB Da MVP
19%
Growing Pains 9 Weeks #65 Mary J. Blige Work That
19%
OnMyRadio 12 Weeks #71 Musiq Soulchild ft. Mary J. Blige IfULeave
14%
My Life 19 Weeks #57 Mary J. Blige I Love You / Bring Me Joy
14%
The Nu Nation Project 5 Weeks #79 Kirk Franklin ft. Mary J. Blige, Bono, R.Kelly, Crystal Water & The Family Lean On Me
14%
Family Ties 1 Week #97 Fat Joe & Dre ft. Eminem & Mary J. Blige Lord Above
14%
Love & Life 12 Weeks #29 Mary J. Blige Ooh!
14%
Who's the Man? 13 Weeks #63 Mary J. Blige You Don't Have to Worry
14%
Non-Album Single 1 Week #75 Mary J. Blige & Andrea Bocelli Bridge Over Troubled Water
10%
Love & Life 13 Weeks #22 Mary J. Blige ft. Method Man Love at 1st Sight
10%
Paper Trail: Case Closed 2 Weeks #29 T.I. ft. Mary J. Blige Remember Me
10%
New York Undercover 2 Weeks #95 Mary J. Blige (You Make Me Feel Like) A Natural Woman
10%
Electric Circus 15 Weeks #65 Common ft. Mary J. Blige Come Close to Me
5%
No matching quizzes found
Score Distribution
Percent of People with Each Score
Percentile by Number Answered
Your Score History
You have not taken this quiz since the last reset